Economics
Saved in:
| Main Author: | |
|---|---|
| Format: | Book |
| Language: | English |
| Published: |
Englewood Cliffs
Prentice-Hall
1986
|
| Edition: | 4. ed. |
| Subjects: | |
| Tags: |
No Tags, Be the first to tag this record!
|
MARC
| LEADER | 00000nam a2200000 4500 | ||
|---|---|---|---|
| 001 | c100528 | ||
| 005 | 20221123135244.7 | ||
| 020 | |a 0-13-224403-9 | ||
| 041 | 0 | |a eng | |
| 044 | |a US | ||
| 245 | 1 | 0 | |a Economics |c William P. Albrecht |
| 250 | |a 4. ed. | ||
| 264 | 1 | |a Englewood Cliffs |b Prentice-Hall |c 1986 | |
| 300 | |a 727 s. | ||
| 610 | 2 | 0 | |a ekonómia |
| 610 | 2 | 0 | |a mikroekonomika |
| 610 | 2 | 0 | |a trh |
| 610 | 2 | 0 | |a makroekonomika |
| 610 | 2 | 0 | |a rast hospodársky |
| 610 | 2 | 0 | |a politika hospodárska |
| 610 | 2 | 0 | |a obchod medzinárodný |
| 610 | 2 | 0 | |a hospodárstvo svetové |
| 100 | 1 | |a Albrecht, William P. | |